| 000 | 00973nam0a22002651 4500 | ||
|---|---|---|---|
| 001 | rc\4861242 | ||
| 005 | 20250612195723.0 | ||
| 021 |
_aRU _b[57-58536] |
||
| 035 | _a(NLR Aleph) 008818926 | ||
| 090 |
_a8209460 _c8209460 |
||
| 100 | _a20130426d1957 |||y0rusy50 ca | ||
| 101 | 0 | _arus | |
| 102 | _aRU | ||
| 105 | _ay z ||||| | ||
| 200 | 1 |
_aЛенин в Петербурге - Петрограде _fО-во по распространению полит. и науч. знаний РСФСР. Ленингр. отд-ние |
|
| 210 |
_aЛенинград _cБ. и. _d1957 |
||
| 215 |
_a40 с. _d20 |
||
| 300 | _aПеред загл. авт.: канд. ист. наук В.Е. Муштуков | ||
| 700 | 1 |
_aМуштуков _bВ.Е. _f-1986 _gВиктор Ефимович |
|
| 702 | 1 |
_aЛенин _bВ.И. _f1870-1924 _gВладимир Ильич _4570 |
|
| 801 | 0 |
_aRU _bNLR _gpsbo |
|
| 801 | 1 |
_aRU _bELAR _2rusmarc |
|
| 852 |
_aNLR _j67-4/15109 |
||
| 942 | _cBOOK | ||
| 980 | _aNB | ||